[Event "Lignano Bella Italia op 2nd"]
[Site "Lignano Sabbiadoro"]
[Date "2023.08.20"]
[Round "6"]
[White "Gioseffi, Massimiliano"]
[Black "Tellarini, Lorenzo"]
[Result "1/2-1/2"]
[WhiteElo "2048"]
[BlackElo "1942"]
[PlyCount "84"]
[EventDate "2023.08.17"]
[EventType "swiss"]
[EventRounds "9"]
[EventCountry "ITA"]
[SourceTitle "EXT 2024"]
[Source "ChessBase"]
[SourceDate "2023.10.10"]
[SourceVersion "1"]
[SourceVersionDate "2023.10.10"]
[SourceQuality "1"]

1. d4 Nf6 2. c4 g6 3. Nc3 d5 4. Nf3 Bg7 5. Qb3 dxc4 6. Qxc4 0-0 7. e4 a6 8. Be2 b5 9. Qb3 c5 10. dxc5 Bb7 11. e5 Nfd7 12. Be3 Nxe5 13. Nxe5 Bxe5 14. Rd1 Qc7 15. Nd5 Bxd5 16. Qxd5 Nc6 17. Bf3 Rac8 18. Qxc6 Qxc6 19. Bxc6 Rxc6 20. Rd2 f5 21. f4 Bf6 22. 0-0 e5 23. Rc1 e4 24. Kf2 Rfc8 25. b4 R8c7 26. Bd4 Bxd4+ 27. Rxd4 a5 28. a3 axb4 29. axb4 Ra7 30. g4 Ra3 31. Rd8+ Kf7 32. Rb8 Rf3+ 33. Ke2 Rxf4 34. Rxb5 Rxg4 35. Rb7+ Ke6 36. b5 Rc8 37. c6 Rg2+ 38. Ke3 Rd8 39. Rc3 Ke5 40. Re7+ Kf6 41. Rxh7 Rdd2 42. h4 Rge2+ 1/2-1/2

[Event "ITA-ch U20"]
[Site "Tarvisio"]
[Date "2023.07.09"]
[Round "9"]
[White "Tellarini, Lorenzo"]
[Black "Slobodyan, Arseniy"]
[Result "1-0"]
[WhiteElo "1976"]
[BlackElo "1349"]
[PlyCount "38"]
[EventDate "2023.07.02"]
[EventType "swiss"]
[EventRounds "9"]
[EventCountry "ITA"]
[SourceTitle "EXT 2024"]
[Source "ChessBase"]
[SourceDate "2023.10.10"]
[SourceVersion "1"]
[SourceVersionDate "2023.10.10"]
[SourceQuality "1"]

1. e4 c5 2. Nf3 Nc6 3. Bb5 d6 4. 0-0 a6 5. Bxc6+ bxc6 6. c3 Nf6 7. e5 Ng4 8. exd6 exd6 9. Re1+ Be7 10. d4 cxd4 11. Nxd4 Qc7 12. Qe2 Ra7 13. Bg5 f6 14. Bh4 c5 15. Ne6 Bxe6 16. Qxe6 Qd7 17. Qd5 Ne5 18. f4 Qc6 19. Rxe5 Qxd5 1-0

[Event "ITA-ch U20"]
[Site "Tarvisio"]
[Date "2023.07.02"]
[Round "1"]
[White "Tellarini, Lorenzo"]
[Black "Guccione, Andrea"]
[Result "1-0"]
[WhiteElo "1976"]
[BlackElo "1068"]
[PlyCount "63"]
[EventDate "2023.07.02"]
[EventType "swiss"]
[EventRounds "9"]
[EventCountry "ITA"]
[SourceTitle "EXT 2024"]
[Source "ChessBase"]
[SourceDate "2023.10.10"]
[SourceVersion "1"]
[SourceVersionDate "2023.10.10"]
[SourceQuality "1"]

1. e4 e5 2. f4 exf4 3. Nf3 Nc6 4. d4 d6 5. Bxf4 Bg4 6. Be2 g6 7. d5 Nce7 8. Qd4 f6 9. 0-0 Bg7 10. c4 Kf8 11. Nc3 g5 12. Bxg5 f5 13. e5 Bxf3 14. Rxf3 dxe5 15. Qh4 Qd7 16. Bd3 f4 17. Bxf4 exf4 18. Qxf4+ Nf6 19. Ne4 Qf5 20. Qxf5 Nxf5 21. Rxf5 Kf7 22. Nxf6 Bxf6 23. Raf1 Ke7 24. Rxf6 Rhf8 25. Rxf8 Rxf8 26. Rxf8 Kxf8 27. Bxh7 Ke7 28. c5 Kf6 29. h4 Kg7 30. d6 cxd6 31. cxd6 Kxh7 32. d7 1-0

[Event "Dueville op-A 1st"]
[Site "Dueville"]
[Date "2023.06.03"]
[Round "2"]
[White "Lin, Boyuan"]
[Black "Tellarini, Lorenzo"]
[Result "0-1"]
[WhiteElo "1882"]
[BlackElo "1987"]
[PlyCount "94"]
[EventDate "2023.06.01"]
[EventType "swiss"]
[EventRounds "5"]
[EventCountry "ITA"]
[SourceTitle "EXT 2024"]
[Source "ChessBase"]
[SourceDate "2023.10.10"]
[SourceVersion "1"]
[SourceVersionDate "2023.10.10"]
[SourceQuality "1"]

1. d4 Nf6 2. Nf3 g6 3. Nbd2 d5 4. e3 Bg7 5. b4 0-0 6. Bb2 c6 7. Be2 Nbd7 8. 0-0 Re8 9. c4 Qc7 10. Rc1 a5 11. b5 Qd6 12. Ne5 cxb5 13. c5 Qb8 14. Bxb5 Rf8 15. f4 Nxe5 16. fxe5 Ne4 17. Nxe4 dxe4 18. Ba3 Rd8 19. Qc2 Bf5 20. c6 bxc6 21. Bxc6 Ra7 22. Bc5 Rc7 23. Bxe4 Be6 24. Qf2 Qc8 25. Ba3 Bc4 26. Rfd1 Qe6 27. Rd2 Rdc8 28. Rdc2 f6 29. Qf3 Kh8 30. exf6 Bxf6 31. d5 Qe5 32. d6 Be2 33. Qxe2 Rxc2 34. Rxc2 Rxc2 35. Qxc2 exd6 36. Qc8+ Kg7 37. Qb7+ Kh6 38. Qd5 Qc3 39. Qd3 Qe1+ 40. Qf1 Qxe3+ 41. Qf2 Qxe4 42. Qd2+ Bg5 43. Qxa5 Qe2 44. h4 Bd2 45. Qd5 Qe1+ 46. Kh2 Qxh4+ 47. Kg1 Be3+ 0-1

[Event "Dueville op-A 1st"]
[Site "Dueville"]
[Date "2023.06.03"]
[Round "3"]
[White "Tellarini, Lorenzo"]
[Black "Agolzer, Luca"]
[Result "1-0"]
[WhiteElo "1987"]
[BlackElo "1873"]
[PlyCount "81"]
[EventDate "2023.06.01"]
[EventType "swiss"]
[EventRounds "5"]
[EventCountry "ITA"]
[SourceTitle "EXT 2024"]
[Source "ChessBase"]
[SourceDate "2023.10.10"]
[SourceVersion "1"]
[SourceVersionDate "2023.10.10"]
[SourceQuality "1"]

1. e4 c5 2. Nf3 d6 3. Bb5+ Bd7 4. Bxd7+ Qxd7 5. 0-0 Nf6 6. Qe2 Nc6 7. c3 e6 8. d4 cxd4 9. cxd4 d5 10. e5 Ne4 11. Nbd2 Nxd2 12. Bxd2 Be7 13. g3 0-0 14. h4 Rac8 15. Kg2 Rc7 16. a3 Rfc8 17. Qd3 h6 18. h5 Nd8 19. g4 Rc4 20. b3 R4c6 21. g5 hxg5 22. Nxg5 Bxg5 23. Bxg5 Rc3 24. Qe2 Kh7 25. Qg4 Nc6 26. Kh2 Ne7 27. Bxe7 Qxe7 28. Rg1 Rg8 29. Rg2 Rxb3 30. Rc1 Qd7 31. a4 Rb4 32. a5 Ra4 33. Rc3 Rxa5 34. h6 g6 35. Rf3 Qe7 36. Rf6 Ra3 37. Qf4 Rf8 38. Rgxg6 b5 39. Rg7+ Kh8 40. Qg4 b4 41. Rh7+ 1-0

[Event "Kaltern op 5th"]
[Site "Kaltern"]
[Date "2022.10.23"]
[Round "4"]
[White "Budyi, Danylo"]
[Black "Tellarini, Lorenzo"]
[Result "1-0"]
[WhiteElo "1912"]
[BlackElo "1750"]
[PlyCount "63"]
[EventDate "2022.10.21"]
[EventType "swiss"]
[EventRounds "5"]
[EventCountry "ITA"]
[SourceTitle "EXT 2024"]
[Source "ChessBase"]
[SourceDate "2023.10.10"]
[SourceVersion "1"]
[SourceVersionDate "2023.10.10"]
[SourceQuality "1"]

1. d4 d5 2. c4 e6 3. Nc3 c6 4. e3 f5 5. g4 Nf6 6. g5 Ne4 7. Nxe4 fxe4 8. h4 Bd6 9. Bg2 Nd7 10. Bd2 b6 11. Rc1 Ba6 12. Nh3 Qc7 13. Qg4 0-0-0 14. Qxe6 Rhe8 15. Qg4 Bxc4 16. Rxc4 dxc4 17. Bxe4 g6 18. 0-0 Kb8 19. Rc1 b5 20. b3 c5 21. bxc4 b4 22. a3 cxd4 23. exd4 Nc5 24. dxc5 Bh2+ 25. Kg2 Rxd2 26. Rb1 a5 27. axb4 Rxe4 28. bxa5+ Ka7 29. Qxe4 Be5 30. a6 Kxa6 31. Qa8+ Qa7 32. Rb6+ 1-0

[Event "Kaltern op 5th"]
[Site "Kaltern"]
[Date "2022.10.22"]
[Round "2"]
[White "Capraro, Fabio"]
[Black "Tellarini, Lorenzo"]
[Result "0-1"]
[WhiteElo "1908"]
[BlackElo "1750"]
[PlyCount "66"]
[EventDate "2022.10.21"]
[EventType "swiss"]
[EventRounds "5"]
[EventCountry "ITA"]
[SourceTitle "EXT 2024"]
[Source "ChessBase"]
[SourceDate "2023.10.10"]
[SourceVersion "1"]
[SourceVersionDate "2023.10.10"]
[SourceQuality "1"]

1. c4 e5 2. g3 Nc6 3. Bg2 f5 4. Nc3 g6 5. d3 Bg7 6. Rb1 a5 7. a3 Nf6 8. b4 axb4 9. axb4 0-0 10. b5 Ne7 11. Qb3 h6 12. Nh3 g5 13. c5+ Kh8 14. Bxg5 hxg5 15. Nxg5 Qe8 16. Qc4 Qg6 17. h4 c6 18. Nf3 Nfd5 19. Nxd5 cxd5 20. Qb4 e4 21. Ng5 exd3 22. exd3 f4 23. 0-0 Qxd3 24. c6 Qa3 25. cxb7 Bxb7 26. Qe1 fxg3 27. fxg3 Nf5 28. Rf3 Qc5+ 29. Kh2 d4 30. Rxf5 Qxf5 31. Bxb7 Ra2+ 32. Kg1 d5 33. Qf1 Qc2 0-1